Los grandes pedagogos

Gardado en:
Detalles Bibliográficos
Autor Principal: Chateau, Jean (Author)
Formato: Libro
Idioma:Lingua castelá
Publicado: Ciudad de México Fondo de Cultura Económica 1959
Subjects:
Tags: Engadir etiqueta
Sen Etiquetas, Sexa o primeiro en etiquetar este rexistro!

MARC

LEADER 00000nam a2200000 a 4500
001 UCY7962
003 CL-VaPUC
005 20240822162524.0
008 950623e19590000MX |||||||||||||||||spa|d
999 |c 235254  |d 235252 
040 |c Pontificia Universidad Católica de Valparaíso 
082 0 4 |a 370.9  |b CHA  |2 21 
100 |a Chateau, Jean  |e author  |9 357147 
245 1 4 |a Los grandes pedagogos 
260 |a Ciudad de México  |b Fondo de Cultura Económica  |c 1959 
300 |a 340 p 
583 |a last modification  |c 20180417 03:59:07  |k Rodrigo Vera 
600 0 7 |a PLATON  |2 CL-VaPUC  |9 222 
600 0 |a Locke, John  |d 1632-1704  |9 860808 
600 0 7 |a Montessori, María,  |d 1870-1952  |9 867052 
650 0 |a Historia de la educación   |9 257642 
942 |c BK  |2 ddc 
945 |d 19950623 00:00:00  |a mfernand 
952 |0 0  |1 0  |4 0  |6 370_900000000000000_CHA_1959  |7 0  |8 A  |9 242544  |a BIBEDU  |b BIBEDU  |d 2019-11-18  |i 1523279  |o 370.9 CHA 1959  |p 1523279  |r 2019-11-18  |w 2019-11-18  |y BK  |k EDU 
952 |0 0  |1 0  |4 0  |6 370_900000000000000_CHA_1959  |7 0  |8 A  |9 242545  |a BIBEDU  |b BIBEDU  |d 2019-11-18  |i 1523287  |o 370.9 CHA 1959  |p 1523287  |r 2019-11-18  |w 2019-11-18  |y BK  |k EDU 
952 |0 0  |1 0  |4 0  |6 370_900000000000000_CHA_1959  |7 0  |8 A  |9 242546  |a BIBEDU  |b BIBEDU  |d 2019-11-18  |i 1523325  |o 370.9 CHA 1959  |p 1523325  |r 2019-11-18  |w 2019-11-18  |y BK  |k EDU 
952 |0 0  |1 0  |4 0  |6 370_900000000000000_CHA_1959  |7 0  |8 A  |9 242547  |a BIBEDU  |b BIBEDU  |d 2019-11-18  |i 1523333  |o 370.9 CHA 1959  |p 1523333  |r 2019-11-18  |w 2019-11-18  |y BK  |k EDU